| 000 | 00944nam a2200277 i 4500 | ||
|---|---|---|---|
| 001 | bg | ||
| 100 | 1 | _aMAZANEK, Eugeniusz | |
| 245 | 1 | 0 |
_aModele obliczeniowe i charakterystyki nośności statycznej łożysk tocznych wieńcowych / _cEugeniusz Mazanek. |
| 260 |
_aCzęstochowa : _bWydaw. PC, _c1999. |
||
| 300 |
_a156, [1] s. : _bil. ; _c24 cm. |
||
| 490 | 1 |
_aMonografie / Politechnika Częstochowska, _x0860-5017 ; _vnr 68 |
|
| 500 | _aStreszcz. ang., niem., ros. | ||
| 504 | _aBibliogr., wykaz norm. | ||
| 650 | 9 |
_aŁożyska toczne _xmechanika |
|
| 650 | 9 |
_aModele matematyczne _xstosowanie _xmechanika |
|
| 650 | 9 | _aNaprężenia i odkształcenia | |
| 650 | 9 | _aStatyka | |
| 830 | 0 |
_aMonografie (Politechnika Częstochowska) ; _vnr 68 |
|
| 020 | _a8371930917 | ||
| 040 | _cBPK | ||
| 041 | 0 |
_apl _benderu |
|
| 080 | _a621.822:539.3/.6:519.86 | ||
| 920 | _a83-7193-091-7 | ||
| 942 | _cKS | ||
| 008 | s pl f |000 0 pol | ||
| 999 |
_c38375 _d38375 |
||
| 856 |
_uhttp://koha.tu.koszalin.pl/cgi-bin/koha/opac-detail.pl?biblionumber=38375 _yKatalog online BPK |
||